General chemistry : (Record no. 17682)
[ view plain ]
| 000 -LEADER | |
|---|---|
| fixed length control field | 01065nam a2200325 i 4500 |
| 001 - CONTROL NUMBER | |
| control field | 016198921 |
| 003 - CONTROL NUMBER IDENTIFIER | |
| control field | EG-ScBUE |
| 005 - DATE AND TIME OF LATEST TRANSACTION | |
| control field | 20250701101124.0 |
| 008 - FIXED-LENGTH DATA ELEMENTS--GENERAL INFORMATION | |
| fixed length control field | 121024t2014 nyua f 001 0 eng d |
| 020 ## - INTERNATIONAL STANDARD BOOK NUMBER | |
| International Standard Book Number | 125906042X |
| 020 ## - INTERNATIONAL STANDARD BOOK NUMBER | |
| International Standard Book Number | 9781259060427 (pbk.) : |
| 040 ## - CATALOGING SOURCE | |
| Original cataloging agency | EG-ScBUE |
| Language of cataloging | eng |
| Description conventions | rda |
| Transcribing agency | EG-ScBUE |
| Modifying agency | EG-ScBUE |
| 082 04 - DEWEY DECIMAL CLASSIFICATION NUMBER | |
| Classification number | 540 |
| Edition number | 22 |
| Item number | CHA |
| 100 1# - MAIN ENTRY--PERSONAL NAME | |
| Personal name | Chang, Raymond, |
| Relator term | author. |
| 9 (RLIN) | 31039 |
| 245 10 - TITLE STATEMENT | |
| Title | General chemistry : |
| Remainder of title | the essential concepts / |
| Statement of responsibility, etc | Raymond Chang, Williams College, Kenneth A. Goldsby, Florida State University. |
| 250 ## - EDITION STATEMENT | |
| Edition statement | Seventh edition. |
| 250 ## - EDITION STATEMENT | |
| Edition statement | International student edition |
| 264 #1 - PUBLICATION, DISTRIBUTION, ETC. (IMPRINT) | |
| Place of publication, distribution, etc | New York : |
| Name of publisher, distributor, etc | McGraw-Hill, |
| Date of publication, distribution, etc | [2014] |
| 264 #4 - PUBLICATION, DISTRIBUTION, ETC. (IMPRINT) | |
| Date of publication, distribution, etc | c2014 |
| 300 ## - PHYSICAL DESCRIPTION | |
| Extent | 1 volume (various pagings) : |
| Other physical details | illustrations ; |
| Dimensions | 26 cm |
| 336 ## - CONTENT TYPE | |
| Source | rdacontent |
| Content type term | text |
| Content type code | txt |
| 337 ## - MEDIA TYPE | |
| Media type term | unmediated |
| Source | rdamedia |
| Media type code | n |
| 338 ## - CARRIER TYPE | |
| Carrier type term | volume |
| Carrier type code | nc |
| Source | rdacarrier |
| 500 ## - GENERAL NOTE | |
| General note | Includes index. |
| 650 #7 - SUBJECT ADDED ENTRY--TOPICAL TERM | |
| Topical term or geographic name as entry element | Chemistry. |
| Source of heading or term | BUEsh |
| 9 (RLIN) | 34215 |
| 653 ## - INDEX TERM--UNCONTROLLED | |
| Arrived date list | October2013 |
| 655 ## - INDEX TERM--GENRE/FORM | |
| Form subdivision | Reading book |
| 700 1# - ADDED ENTRY--PERSONAL NAME | |
| Personal name | Goldsby, Kenneth A., |
| Relator term | author. |
| 9 (RLIN) | 34216 |
| 942 ## - ADDED ENTRY ELEMENTS (KOHA) | |
| Source of classification or shelving scheme | Dewey Decimal Classification |
| Koha item type | Book - Borrowing |
| Withdrawn status | Lost status | Source of classification or shelving scheme | Damaged status | Not for loan | Collection code | Home library | Current library | Shelving location | Date acquired | Source of acquisition | Total Checkouts | Full call number | Barcode | Date last seen | Date checked out | Price effective from | Koha item type | Total Renewals | Checked out | Materials specified (bound volume or other part) |
|---|---|---|---|---|---|---|---|---|---|---|---|---|---|---|---|---|---|---|---|---|
| Dewey Decimal Classification | Baccah | Central Library | Central Library | First floor | 27/10/2013 | 1 | 540 CHA | 000029457 | 15/07/2025 | 09/11/2013 | 27/10/2013 | NB - Book (Non borrowing) | ||||||||
| Dewey Decimal Classification | Baccah | Central Library | Central Library | First floor | 27/10/2013 | Purchase | 4 | 540 CHA | 000029458 | 17/09/2015 | 17/09/2015 | Book - Borrowing | 3 | 02/12/2015 | ||||||
| Dewey Decimal Classification | Baccah | Central Library | Central Library | First floor | 27/10/2013 | 4 | 540 CHA | 000029459 | 15/07/2025 | 01/11/2021 | 27/10/2013 | Book - Borrowing | 23 | |||||||
| Dewey Decimal Classification | Baccah | Central Library | Central Library | First floor | 27/10/2013 | Purchase | 15 | 540 CHA | 000029460 | 15/07/2025 | 13/10/2019 | Book - Borrowing | 11 | |||||||
| Dewey Decimal Classification | Baccah | Central Library | Central Library | First floor | 27/10/2013 | Purchase | 12 | 540 CHA | 000029461 | 15/07/2025 | 25/09/2022 | Book - Borrowing | 72 | |||||||
| Dewey Decimal Classification | Baccah | Central Library | Central Library | First floor | 27/10/2013 | 17 | 540 CHA | 000029462 | 15/07/2025 | 16/10/2019 | 27/10/2013 | Book - Borrowing | 12 | |||||||
| Lost | Dewey Decimal Classification | Baccah | Central Library | Central Library | First floor | 27/10/2013 | 540 CHA | 000029463 | 27/10/2013 | 27/10/2013 | Book - Borrowing | Lost In Inventory_2015-8-23 | ||||||||
| Dewey Decimal Classification | Baccah | Central Library | Central Library | First floor | 27/10/2013 | Purchase | 16 | 540 CHA | 000029464 | 16/10/2025 | 16/10/2025 | Book - Borrowing | 41 | 23/10/2025 | ||||||
| Lost | Dewey Decimal Classification | Baccah | Central Library | Central Library | First floor | 27/10/2013 | 540 CHA | 000029465 | 27/10/2013 | 27/10/2013 | Book - Borrowing | Lost In Inventory_2015-8-23 | ||||||||
| Dewey Decimal Classification | Baccah | Central Library | Central Library | First floor | 27/10/2013 | Purchase | 13 | 540 CHA | 000029466 | 15/07/2025 | 23/09/2019 | Book - Borrowing | 69 |